| 000 | 00531cam9a220016900 4500 | ||
|---|---|---|---|
| 005 | 20190814092346.0 | ||
| 008 | 011127 | ||
| 020 | _a0914404970 | ||
| 035 | _a(Sirsi) a144511 | ||
| 050 | 0 |
_aRM171 _bBlo 1989 |
|
| 245 | 1 | 0 |
_aBlood transfusion therapy : _ba physician's handbook / _cedited by Patricia T. Pisciotto. |
| 250 | _a3rd ed. | ||
| 350 | _a25 | ||
| 504 | _aincludes bibliographical references and index | ||
| 650 | 0 |
_aBlood transfusion _6S19914.2 |
|
| 700 | 0 | 0 |
_aPisciotto, Patricia T. _6A115018.1 |
| 999 |
_c31829 _d31829 |
||